| 000 | 00933nam a2200313Ia 4500 | ||
|---|---|---|---|
| 001 | Para_2224 | ||
| 003 | CHAP | ||
| 008 | 220125s1994 xx 000 0 und d | ||
| 010 | _a200807 | ||
| 040 | _cCHAP | ||
| 082 | _aPA 634.11 B6 | ||
| 100 |
_aBondoux, Pierre _913661 |
||
| 245 |
_aEnfermedades de conservación de frutos de pepita, manzanas y peras / _c por Pierre Bondoux |
||
| 260 |
_aMadrid : _b Mundi-Prensa |
||
| 300 | _a172 p. | ||
| 650 |
_aManzana _x conservación _970749 |
||
| 650 |
_aManzana _x enfermedades _970763 |
||
| 650 |
_aManzana _x tecnología postcosecha _970807 |
||
| 650 |
_aPera _x conservación _986963 |
||
| 650 |
_aPera _x enfermedades |
||
| 650 |
_aPera _x tecnología postcosecha _986983 |
||
| 901 | _aPA 634.11 B6 | ||
| 902 | _aM | ||
| 905 | _a0000001994 a 0000000000 00 | ||
| 910 | _a1994 | ||
| 942 | _cPARA | ||
| 942 |
_cPARA _d1 |
||
| 999 |
_c200807 _d200807 |
||